| 000 | 00967nac a22003250a 4500 | ||
|---|---|---|---|
| 001 | PT57694 | ||
| 003 | AR-LpoUNG | ||
| 005 | 20210201005548.0 | ||
| 008 | 201001s2013||||ag |||||||||||||||||spa d | ||
| 020 |
_a9789505635153 _c$17 |
||
| 040 |
_aAR-LpoUNG _bspa _eaacr |
||
| 041 | _aspa | ||
| 044 | _aag | ||
| 082 | 0 | _aA862 114v2 | |
| 100 | 1 | _aVacarezza, Alberto | |
| 245 | 1 | 3 | _aEl conventillo de la Paloma y otros textos |
| 250 | _a1ra. ed., 1ra. reimpr. | ||
| 260 |
_aBuenos Aires : _bColihue, _c2013. |
||
| 300 |
_a265 p. : _bgráfs., tbls. _a([2] _fVolúmenes) _3Impreso |
||
| 490 | 0 | _aTeatro | |
| 505 | 0 | _aContenido: El buey corneta - A mí no me hablen de penas - El conventillo del Gavilán - San Antonio de los Cobres | |
| 650 | 4 | _aARGENTINA | |
| 650 | 4 | _aLITERATURA | |
| 650 | 4 | _aTEATRO | |
| 651 | 4 | _aDOCUMENTOS TEORICOS O METODOLOGICOS | |
| 653 | _aLITERATURA ARGENTINA | ||
| 700 | 1 |
_aDubatti, Jorge _eed. |
|
| 905 | _a57694 | ||
| 942 | _cLIB | ||
| 999 |
_c50232 _d50232 |
||